Estatísticas para Quiz do Reino Unido

Clique aqui para jogar o quiz

Estatísticas Gerais

  • Esse quiz foi jogado 6 680 vezes
  • A pontuação média é 12 de 22

Estatísticas das Respostas

DicaResposta% Correto
Os quatro países que fazem parte do
Reino Unido
Inglaterra
97%
O único país fazendo fronteira com
o R.U. (não incluindo territórios)
Irlanda
97%
Capitais dos acimasLondres
94%
Os quatro países que fazem parte do
Reino Unido
Escócia
91%
Os quatro países que fazem parte do
Reino Unido
País de Gales
90%
Moeda oficialLibra Esterlina
88%
Os quatro países que fazem parte do
Reino Unido
Irlanda do Norte
87%
Monarca atualCarlos III
82%
Universidade mais antigaOxford
62%
Capitais dos acimasEdimburgo
48%
Corpo de água separando a França
da Grã-Bretanha
Canal da Mancha
47%
Residência primária do acimaPalácio de Buckingham
43%
Capitais dos acimasCardiff
39%
Borough no Meridiano Principal onde
é o lugar do Observatório Real
Greenwich
38%
Capitais dos acimasBelfast
35%
Primeiro-ministro atualRishi Sunak
34%
As duas câmaras do ParlamentoCâmara dos {Comuns}
29%
As duas câmaras do ParlamentoCâmara dos {Lordes}
29%
Aeroporto mais movimentadoLondres-Heathrow
19%
Rio mais longoRio Severn
9%
Arranha-céu mais altoShard London Bridge
8%
Montanha mais altaBen Nevis
7%

Distribuição das Pontuações

Percentil de Números Respondidos

Porcentagem de Pessoas com Cada Pontuação

Sua Pontuação Histórica

Você não jogou esse quiz